[Event "Cesenatico op 16th"]
[Site "Cesenatico"]
[Date "2012.09.06"]
[Round "6"]
[White "Naumkin, Igor"]
[Black "Salzano, Guido"]
[Result "1-0"]
[WhiteElo "2473"]
[BlackElo "2034"]
[PlyCount "53"]
[EventDate "2012.09.01"]
[EventType "swiss"]
[EventRounds "9"]
[EventCountry "ITA"]
[SourceTitle "CBM 150 Extra"]
[Source "ChessBase"]
[SourceDate "2012.10.19"]
[SourceVersion "1"]
[SourceVersionDate "2012.10.19"]
[SourceQuality "1"]

1. d4 Nf6 2. c4 g6 3. Nc3 d5 4. cxd5 Nxd5 5. e4 Nxc3 6. bxc3 Bg7 7. Bc4 0-0 8. Ne2 c5 9. 0-0 Nc6 10. Be3 e6 11. e5 Qa5 12. Rb1 a6 13. a4 Rb8 14. Qd3 Qc7 15. Qe4 Na5 16. Bd3 Bd7 17. Qh4 Bxa4 18. Bg5 c4 19. Be4 Nc6 20. f4 Rfe8 21. Rf3 Ne7 22. Rh3 Kf8 23. Qxh7 Ng8 24. Rf1 Bc6 25. Ng3 b5 26. f5 exf5 27. Bxf5 1-0

[Event "Mare di Fano op 1st"]
[Site "Fano"]
[Date "2012.08.03"]
[Round "7"]
[White "Salzano, Guido"]
[Black "Rubini, Alessandro"]
[Result "1-0"]
[WhiteElo "2023"]
[BlackElo "1917"]
[PlyCount "71"]
[EventDate "2012.07.30"]
[EventType "swiss"]
[EventRounds "9"]
[EventCountry "ITA"]
[SourceTitle "EXT 2015"]
[Source "ChessBase"]
[SourceDate "2014.11.20"]
[SourceVersion "1"]
[SourceVersionDate "2014.11.20"]
[SourceQuality "1"]

1. e4 c5 2. Nc3 e6 3. g3 Nc6 4. Bg2 g6 5. d3 Bg7 6. Be3 d6 7. Qd2 Nge7 8. Bh6 0-0 9. h4 f5 10. h5 Qe8 11. Nb5 Qd8 12. Bxg7 Kxg7 13. hxg6 hxg6 14. Qh6+ Kf7 15. Nf3 a6 16. Ng5+ Ke8 17. Nc3 Nd4 18. 0-0-0 Kd7 19. e5 d5 20. Nh7 Rf7 21. Nf6+ Kc7 22. Qf4 Kb6 23. Rh6 Ka7 24. Rdh1 Qa5 25. Kb1 b5 26. Rh7 Rxh7 27. Rxh7 Qd8 28. Nfxd5 exd5 29. Nxd5 Ndc6 30. Nxe7 Nxe7 31. Bxa8 Kxa8 32. Qg5 Nc6 33. Qxd8 Nxd8 34. Rh8 Nc6 35. Rxc8+ Kb7 36. Rxc6 1-0

[Event "Porto Mannu op"]
[Site "Porto Mannu"]
[Date "2008.05.17"]
[Round "1"]
[White "Schaefer, Michael"]
[Black "Salzano, Guido"]
[Result "1-0"]
[WhiteElo "2194"]
[BlackElo "1962"]
[PlyCount "119"]
[EventDate "2008.05.17"]
[EventType "swiss"]
[EventRounds "9"]
[EventCountry "ITA"]
[SourceTitle "CBM 124 Extra"]
[Source "ChessBase"]
[SourceDate "2008.07.03"]
[SourceVersion "1"]
[SourceVersionDate "2008.07.03"]
[SourceQuality "1"]

1. c4 Nf6 2. g3 c6 3. Nf3 d5 4. Bg2 e6 5. 0-0 Nbd7 6. d4 Be7 7. Qc2 0-0 8. Rd1 b6 9. b3 Bb7 10. Nc3 Rc8 11. e4 dxe4 12. Nxe4 Nxe4 13. Qxe4 Bf6 14. Bf4 Qe7 15. Rac1 Rfd8 16. h4 Nf8 17. Be5 Bxe5 18. Nxe5 Ng6 19. Nd3 Rc7 20. h5 c5 21. Qe2 Bxg2 22. Kxg2 Nf8 23. dxc5 bxc5 24. h6 gxh6 25. Ne5 Ng6 26. Rxd8+ Qxd8 27. Nf3 Qf6 28. Qd2 Rc6 29. Qxh6 e5 30. Rh1 Qg7 31. Qxg7+ Kxg7 32. Rd1 Rc7 33. Rd5 f6 34. Nd2 Ne7 35. Rd6 f5 36. Nb1 Nc6 37. Rd5 Nb4 38. Rxe5 Kf6 39. Re2 Re7 40. Rxe7 Kxe7 41. Nc3 a6 42. Kf3 Ke6 43. Ke3 Kf6 44. Na4 Nxa2 45. Nxc5 Nb4 46. Nd3 Nc6 47. b4 Kg5 48. b5 axb5 49. cxb5 Na5 50. Ne5 h5 51. f4+ Kf6 52. Nf3 Ke6 53. Nd4+ Kf6 54. Kd3 Nb7 55. Kc4 Kg6 56. Kd5 h4 57. gxh4 Kh5 58. Nxf5 Kg4 59. Nd6 Nd8 60. f5 1-0